000 00662nam a2200181Ia 4500
008 100920s9999 xx 000 0 und d
082 _b103380
_a891.464 न 08
100 _aदेसाई जयश्री.
245 _aसेलिबअेटीज डेस्टिनेशन.
260 _bमैत्रेय प्रकाशन , मुंबई.
_c2008
300 _a96
_bसाधी
365 _b80
520 _aनिबंध.
630 _aसेलिबअेटीज डेस्टिनेशन.
650 _aनिबंध.
730 _aसेलिबअेटीज डेस्टिनेशन.
942 _cBOOK
999 _c743812
_d743809